000 00489nam a22001097a 4500
008 110615t xxu||||| |||| 00| 0 eng d
010 _aCACAF44
245 _aCourt of Appeal Criminal Appeal No. 29 OF 1999 Ndaula James Vs Uganda
260 _c1999
500 _aCoram: Hon. Mr. Justice S.T. Manyindo, DCJ Hon. Mr. Justice J.P. Berko, JA Hon. Mr. Justice S.G. Engwau, JA
999 _c3039
_d3039